Największe miasta na Ziemiach Odzyskanych - Statystyki

Ogólne statystyki
  • Ten quiz został rozwiązany 4 513 razy
  • Średni wynik to 14 z 20
Statystyki odpowiedzi
Populacja Województwo Miasto % Poprawnych
664 071 dolnośląskie Wrocław
99%
395 513 zachodniopomorskie Szczecin
98%
470 621 pomorskie Gdańsk
97%
127 077 opolskie Opole
90%
140 403 lubuskie Zielona Góra
88%
169 793 warmińsko-mazurskie Olsztyn
87%
120 087 lubuskie Gorzów Wielkopolski
85%
175 102 śląskie Gliwice
74%
117 390 warmińsko-mazurskie Elbląg
72%
104 994 zachodniopomorskie Koszalin
70%
97 300 dolnośląskie Legnica
68%
168 946 śląskie Zabrze
67%
108 222 dolnośląskie Wałbrzych
66%
77 366 dolnośląskie Jelenia Góra
59%
161 139 śląskie Bytom
56%
70 815 dolnośląskie Lubin
56%
88 835 pomorskie Słupsk
55%
71 846 wielkopolskie Piła
49%
67 293 zachodniopomorskie Stargard
46%
65 400 dolnośląskie Głogów
43%
Nie znaleziono quizów pasujących do podanych kryteriów
Rozkład punktacji
Procent ludzi z każdym wynikiem
Percentyl według liczby udzielonych odpowiedzi
Twoja historia wyników
Nie rozwiązałeś tego quizu